El hombre y sus problemas

Guardado en:
Detalles Bibliográficos
Autor principal: Dewey, John (Autor)
Formato: Libro
Lenguaje:español
Publicado: Buenos Aires Paidos 1961
Edición:2a. ed
Materias:
Etiquetas: Agregar Etiqueta
Sin Etiquetas, Sea el primero en etiquetar este registro!

MARC

LEADER 00000nam a2200000 a 4500
001 UCW9688
003 CL-VaPUC
008 890608e19610000AG |||||||||||||||||spa|d
082 0 4 |a 128  |b DEW  |2 21 
100 0 |a Dewey, John  |e author  |9 315062 
245 1 3 |a El hombre y sus problemas 
250 |a 2a. ed 
300 |a 243 p 
942 |c BK 
945 |d 19890608 00:00:00 
260 |a Buenos Aires  |b Paidos  |c 1961 
650 0 |a Antropología filosófica  |9 265842 
583 |a last modification  |c 19890608 00:00:00  |k Rodrigo Vera 
999 |c 221599  |d 221597 
952 |0 0  |1 0  |4 0  |6 128_000000000000000_DEW_1961  |7 0  |8 P  |9 215228  |a BIBGIM  |b BIBGIM  |d 2019-11-15  |i 2836629  |o 128 DEW 1961  |p 2836629  |r 2025-01-15  |w 2019-11-15  |y BK  |k SSL 
952 |0 0  |1 0  |4 0  |6 128_000000000000000_DEW_1961  |7 0  |8 P  |9 215229  |a BIBEDU  |b BIBEDU  |c BIBEDU_PB  |d 2019-11-15  |i 1602306  |o 128 DEW 1961  |p 1602306  |r 2024-01-25  |w 2019-11-15  |y BK  |k EDU